| 000 | 01167cam a22003377a 4500 | ||
|---|---|---|---|
| 003 | CHAP | ||
| 005 | 20220329133441.0 | ||
| 008 | 971013s1992 r 00010 d | ||
| 010 | _a6535 | ||
| 011 | _a7507 | ||
| 035 | _a6730 | ||
| 040 | _cCHAP | ||
| 090 | _aTesis | ||
| 100 | 0 | 0 |
_aAcosta Garcia, Amado. _9652 |
| 245 | 0 | _aCanales y márgenes de comercialización de vara blanca (Croton sp) en el sur de Sonora (municipio de Alamos) | |
| 260 |
_aChapingo, Méx. : _bEl autor, _c1992 |
||
| 300 |
_a67 h. _b: mapas ; anexo ; gráfs. |
||
| 502 | _aTesis (Ing. Agr. Esp. en Economía Agrícola) -- UACH. Departamento de Economía Agrícola | ||
| 590 |
_aALEPH _b10 _c20130110 _lUCH01 _h1219 |
||
| 590 |
_aBATCH-UPD _b10 _c20130110 _lUCH01 _h0243 |
||
| 590 |
_aBATCH-UPD _b10 _c20130110 _lUCH01 _h2214 |
||
| 590 |
_aBATCH-UPD _b10 _c20130410 _lUCH01 _h1515 |
||
| 590 |
_aBATCH-UPD _b10 _c20130914 _lUCH01 _h1104 |
||
| 590 |
_aCONVERSION _b10 _c20130109 _lUCH01 _h1305 |
||
| 650 | 1 | 4 |
_aArbustos _xSonora. _96745 |
| 650 | 1 | 4 |
_aCrotón. _929209 |
| 700 | 0 |
_aRodríguez Padrón, Benigno. _998767 |
|
| 901 | _aBK | ||
| 942 | _cTESIS | ||
| 949 |
_bBC _cTES _d-16340 _eTS1 _h25176 _i6730 _si |
||
| 999 |
_c6535 _d6535 |
||